000 00261nam a22001217a 4500
008 181020b xxu||||| |||| 00| 0 eng d
041 _aeng
080 _a316
100 _a50
101 _aSOC
245 _aThe Conduct of Inquiry
_cKaplan, A
942 _2udc
_cBK
999 _c50333
_d50333